Statystyki dla Najdłuższe Rzeki Europy

Kliknij tutaj aby rozwiązać quiz!

Ogólne statystyki

  • Ten quiz został rozwiązany 1 111 razy
  • Średni wynik to 3 z 7

Statystyki odpowiedzi

HintOdpowiedź% Poprawnych
2888 kmDunaj
94%
3531 kmWołga
94%
2285 kmDniepr
63%
1950 kmDon
28%
2428 kmUral
22%
1810 kmPeczora
8%
1805 kmKama
7%

Rozkład punktacji

Percentyl według liczby udzielonych odpowiedzi

Procent ludzi z każdym wynikiem

Twoja historia wyników

Nie rozwiązałeś tego quizu